<?xml version="1.0" encoding="UTF-8"?><?xml-stylesheet type="text/xsl" href="static/style.xsl"?><OAI-PMH xmlns="http://www.openarchives.org/OAI/2.0/" xmlns:xsi="http://www.w3.org/2001/XMLSchema-instance" xsi:schemaLocation="http://www.openarchives.org/OAI/2.0/ http://www.openarchives.org/OAI/2.0/OAI-PMH.xsd"><responseDate>2026-06-03T02:10:06Z</responseDate><request verb="GetRecord" identifier="oai:riuma.uma.es:10630/6997" metadataPrefix="marc">https://riuma.uma.es/rest/oai/request</request><GetRecord><record><header><identifier>oai:riuma.uma.es:10630/6997</identifier><datestamp>2026-02-03T12:27:02Z</datestamp><setSpec>com_10630_2254</setSpec><setSpec>col_10630_37959</setSpec></header><metadata><record xmlns="http://www.loc.gov/MARC21/slim" xmlns:dcterms="http://purl.org/dc/terms/" xmlns:doc="http://www.lyncode.com/xoai" xmlns:xsi="http://www.w3.org/2001/XMLSchema-instance" xsi:schemaLocation="http://www.loc.gov/MARC21/slim http://www.loc.gov/standards/marcxml/schema/MARC21slim.xsd">
   <leader>00925njm 22002777a 4500</leader>
   <datafield ind2=" " ind1=" " tag="042">
      <subfield code="a">dc</subfield>
   </datafield>
   <datafield ind2=" " ind1=" " tag="720">
      <subfield code="a">Fernández-Cabrera, Marta</subfield>
      <subfield code="e">author</subfield>
   </datafield>
   <datafield ind2=" " ind1=" " tag="260">
      <subfield code="c">2014-02-05</subfield>
   </datafield>
   <datafield ind2=" " ind1=" " tag="520">
      <subfield code="a">Este trabajo tiene como objeto realizar un estudio sobre el tipo delictivo de negociaciones prohibidas a los funcionarios Públicos del artículo 439 del Código Penal. Se trata de un delito contra la Administración Pública que no ha sido prácticamente investigado por la doctrina y sobre el que nuestros tribunales tampoco se han pronunciado. Ello contrasta con lo habitual de estas conductas en la práctica, pues los medios de comunicación denuncian frecuentemente la mejora económica que experimentan determinadas empresas familiares participadas por representantes electos (alcaldes, concejales…) y ciertos abusos del cargo que podrían encuadrarse en este delito. Es por ello que analizaremos en profundidad los elementos típicos del mismo, con especial atención a los elementos modificados tras la reciente Reforma operada en 2010, y propondremos soluciones interpretativas y político-criminales al respecto.</subfield>
   </datafield>
   <datafield ind2=" " ind1=" " tag="520">
      <subfield code="a">This study aims to assess the criminal concept of negotiations and activities&#xd;
prohibited to public officials as it is established in article 439 of the Spanish Criminal Code.&#xd;
It&#xd;
constitutes a criminal offence against the public administration that has&#xd;
hardly been investigated&#xd;
by the doctrine and upon which our courts have not ruled on. This contrasts with the usualness of&#xd;
these behaviours in practice, as the media often reports on the economic improvement experienced&#xd;
by certain family&#xd;
-&#xd;
owned businesses&#xd;
whose shareholders include elected representatives (mayors,&#xd;
town councillors...) or other types of abuse of office that could easily fit into this offence.&#xd;
That is&#xd;
why we will analyse its characteristics in depth and will give special attention to the recent&#xd;
reforms&#xd;
passed in 2010, in order to provide interpretative and criminal justice policy answers that can solve&#xd;
the problem</subfield>
   </datafield>
   <datafield ind1="8" ind2=" " tag="024">
      <subfield code="a">http://hdl.handle.net/10630/6997</subfield>
   </datafield>
   <datafield tag="653" ind2=" " ind1=" ">
      <subfield code="a">Corrupción administrativa</subfield>
   </datafield>
   <datafield ind2="0" ind1="0" tag="245">
      <subfield code="a">El delito de negocaciones prohibidas a los funcionarios públicos tras la LO 5/2010</subfield>
   </datafield>
</record>
</metadata></record></GetRecord></OAI-PMH>